000 00839nmm a2200301 a 4500
003 AR-BaBNM
005 20251128210415.0
008 210020s1979 ||||||||||||||000 | spa||
040 _cAR-BaBNM
100 1 _aAndrade, Mario de
245 1 0 _aTres modernistas brasileños
_bMario / Oswald / Cassiano
260 _aLima
_bCentro de Estudios Brasileños
_c1979
300 _a105 p.
650 4 _aLITERATURA LATINOAMERICANA
650 4 _aPOESIA
650 4 _aANTOLOGIAS
650 4 _aESCRITORES
650 4 _aLITERATURA CONTEMPORANEA
653 _aLITERATURA BRASILENA
653 _aMODERNISMO
655 _aLITERATURA
700 1 _aAndrade, Oswald de
700 1 _aCassiano, Ricardo
700 1 _aSologuren, Javier
_eprologuista
700 1 _aScarabôtolo de Codina, Hilda
_ecompilador
942 _cBK
998 _cMARTIN
999 _c15349
_d15349